[Event "4NCL Online Division 2"]
[Site "online"]
[Date "2020.05.26"]
[Round "8.153"]
[White "Sutton, Daniel"]
[Black "Bui, Kyan"]
[Result "1/2-1/2"]
[WhiteElo "2005"]
[BlackElo "2057"]
[PlyCount "76"]
[EventDate "2020.05.26"]
[WhiteTeam "Sussex Starlings"]
[BlackTeam "Anglian Avengers 2"]

1. e4 c6 2. Nf3 d5 3. exd5 cxd5 4. Ne5 Nc6 5. d4 Nf6 6. c3 g6 7. Nd2 Bg7 8.
Ndf3 O-O 9. Bd3 Nd7 10. Nxd7 Bxd7 11. O-O e5 12. dxe5 Nxe5 13. Nxe5 Bxe5 14.
Re1 Bg7 15. Be3 Be6 16. Qa4 a6 17. Rad1 Qc7 18. Be2 Rfd8 19. Bf3 b5 20. Qh4
Rac8 21. Bd4 Bxd4 22. Rxd4 Qc5 23. Red1 Rd7 24. Qg5 Rcd8 25. h4 Qe7 26. Qxe7
Rxe7 27. Bxd5 Bxd5 28. Rxd5 Rxd5 29. Rxd5 Re1+ 30. Kh2 Re2 31. Rd8+ Kg7 32. Ra8
Rxb2 33. Rxa6 Rxf2 34. Rb6 Rxa2 35. Rxb5 Rc2 36. Rc5 Kh6 37. Kg3 f5 38. Rc7 g5
1/2-1/2

[Event "4NCL Online Division 2"]
[Site "online"]
[Date "2020.05.26"]
[Round "8.154"]
[White "Kerr, Rowland"]
[Black "Bennet-Stevens, Lucy"]
[Result "1/2-1/2"]
[WhiteElo "1802"]
[BlackElo "1975"]
[PlyCount "92"]
[EventDate "2020.05.26"]
[WhiteTeam "Anglian Avengers 2"]
[BlackTeam "Sussex Starlings"]

1. d4 d5 2. c4 e6 3. Nc3 Nf6 4. cxd5 exd5 5. Bg5 Be7 6. e3 O-O 7. Bd3 Nbd7 8.
Qc2 c6 9. Nge2 Re8 10. O-O-O h6 11. Bh4 b5 12. Kb1 a5 13. f3 Nb6 14. e4 Nc4 15.
Bf2 a4 16. e5 Nd7 17. Nf4 Qa5 18. e6 fxe6 19. Bh7+ Kh8 20. Ng6+ Kxh7 21. Nxe7+
Kh8 22. Nxc6 Qc7 23. Nb4 Qd6 24. a3 Ba6 25. h4 Rf8 26. Rh3 Rf6 27. g4 Raf8 28.
Qe2 Nb8 29. g5 R6f7 30. gxh6 gxh6 31. Bg3 Qb6 32. Nd3 Nd7 33. Ne5 Ndxe5 34.
Bxe5+ Nxe5 35. Qxe5+ Kh7 36. Rg3 Qc7 37. f4 Qxe5 38. fxe5 Rf4 39. Rdg1 Rf1+ 40.
Rxf1 Rxf1+ 41. Kc2 Rf4 42. h5 Rf2+ 43. Kb1 Rf1+ 44. Kc2 Rf2+ 45. Kb1 Rf1+ 46.
Kc2 Rf2+ 1/2-1/2

[Event "4NCL Online Division 2"]
[Site "online"]
[Date "2020.05.26"]
[Round "8.161"]
[White "Ireland, David J"]
[Black "Madden, Paul"]
[Result "0-1"]
[WhiteElo "2020"]
[BlackElo "2117"]
[PlyCount "58"]
[EventDate "2020.05.26"]
[WhiteTeam "Throw in the Tal"]
[BlackTeam "Ashfield Anonymous A"]

1. e4 e6 2. d4 d5 3. Nd2 Nf6 4. e5 Nfd7 5. f4 c5 6. c3 Nc6 7. Ndf3 Qb6 8. Ne2
f6 9. a3 Be7 10. b4 cxd4 11. Nexd4 fxe5 12. Nxe6 Nf6 13. fxe5 Bxe6 14. exf6
Bxf6 15. Qd3 O-O 16. Be3 Qc7 17. Rc1 Ne5 18. Nxe5 Bxe5 19. g3 Kh8 20. Bd4 Bf5
21. Qd2 Rae8 22. Bb5 Bxd4+ 23. Bxe8 Rxe8+ 24. Kd1 Bg4+ 25. Kc2 Re2 26. Rhe1
Rxd2+ 27. Kxd2 Be5 28. Rxe5 Qxe5 29. Re1 Qg5+ 0-1

[Event "4NCL Online Division 2"]
[Site "online"]
[Date "2020.05.26"]
[Round "8.162"]
[White "Gogia, Armaan"]
[Black "Goodwin, Ed H"]
[Result "1-0"]
[WhiteElo "1990"]
[BlackElo "1930"]
[PlyCount "33"]
[EventDate "2020.05.26"]
[WhiteTeam "Ashfield Anonymous A"]
[BlackTeam "Throw in the Tal"]

1. e4 e6 2. d4 d5 3. exd5 exd5 4. Nf3 Bd6 5. c4 c6 6. Nc3 Nf6 7. Bd3 O-O 8. O-O
Nbd7 9. Bg5 dxc4 10. Bxc4 Nb6 11. Bb3 h6 12. Bh4 g5 13. Bg3 Bg4 14. Qd3 Nfd5
15. Bc2 Nf6 16. Ne4 Bxg3 17. Nxf6+ 1-0

[Event "4NCL Online Division 2"]
[Site "online"]
[Date "2020.05.26"]
[Round "8.163"]
[White "Graff, Ben"]
[Black "Combie, Alex B"]
[Result "1/2-1/2"]
[WhiteElo "1892"]
[BlackElo "1990"]
[PlyCount "53"]
[EventDate "2020.05.26"]
[WhiteTeam "Throw in the Tal"]
[BlackTeam "Ashfield Anonymous A"]

1. d4 Nf6 2. Bf4 g6 3. Nc3 d5 4. Nf3 Bg7 5. Qd2 Ne4 6. Nxe4 dxe4 7. Ne5 Nd7 8.
Nxd7 Bxd7 9. c3 O-O 10. Bh6 Re8 11. Bxg7 Kxg7 12. O-O-O Bb5 13. Qg5 Bc4 14. b3
Qd5 15. Qg3 Ba6 16. h4 c5 17. h5 Rac8 18. hxg6 hxg6 19. e3 Bxf1 20. Rhxf1 cxd4
21. exd4 Rc6 22. Kb2 b5 23. Rfe1 Rec8 24. Re3 f5 25. Qg5 Qd6 26. Rh1 Qf6 27.
Qh6+ 1/2-1/2

[Event "4NCL Online Division 2"]
[Site "online"]
[Date "2020.05.26"]
[Round "8.164"]
[White "Truman, Richard G"]
[Black "Woolgar, Steven G"]
[Result "1/2-1/2"]
[WhiteElo "1990"]
[BlackElo "1615"]
[PlyCount "82"]
[EventDate "2020.05.26"]
[WhiteTeam "Ashfield Anonymous A"]
[BlackTeam "Throw in the Tal"]

1. d4 Nf6 2. c4 e6 3. g3 d5 4. Nf3 Nc6 5. Bg2 Bb4+ 6. Bd2 Bxd2+ 7. Nbxd2 O-O 8.
O-O b6 9. Rc1 Bb7 10. cxd5 exd5 11. Qc2 Re8 12. e3 Re7 13. Ne5 Nxe5 14. dxe5
Ne8 15. Nf3 c5 16. Rfd1 Nc7 17. b4 c4 18. e4 Rd7 19. Bh3 Ne6 20. Nd4 Qe8 21.
exd5 Bxd5 22. Nxe6 fxe6 23. Bg2 Rad8 24. Qe2 b5 25. Qe3 Bxg2 26. Rxd7 Qxd7 27.
Kxg2 Qc6+ 28. Qf3 Qxf3+ 29. Kxf3 Rd3+ 30. Ke2 Kf7 31. a4 a6 32. axb5 axb5 33.
Ra1 Rb3 34. Ra7+ Kg6 35. Re7 Rxb4 36. Rxe6+ Kf7 37. Rc6 Rb3 38. Kd2 Rd3+ 39.
Ke2 Rb3 40. Kd2 Rd3+ 41. Ke2 Rb3 1/2-1/2

[Event "4NCL Online Division 2"]
[Site "online"]
[Date "2020.06.02"]
[Round "9.11"]
[White "Madden, Paul"]
[Black "Nolan, Conor"]
[Result "1/2-1/2"]
[WhiteElo "2117"]
[BlackElo "1884"]
[PlyCount "35"]
[EventDate "2020.06.02"]
[WhiteTeam "Ashfield Anonymous A"]
[BlackTeam "Gonzaga C-ing is Believing"]

1. e4 e5 2. Nf3 Nc6 3. Bc4 Nf6 4. d3 Bc5 5. O-O d6 6. c3 a6 7. Re1 Ba7 8. h3 h6
9. d4 O-O 10. Qd3 exd4 11. cxd4 d5 12. exd5 Nxd5 13. Bxd5 Qxd5 14. Nc3 Qd6 15.
Ne4 Qd5 16. Nc3 Qd6 17. Ne4 Qd5 18. Nc3 1/2-1/2

[Event "4NCL Online Division 2"]
[Site "online"]
[Date "2020.06.02"]
[Round "9.12"]
[White "Casey, Eoghan"]
[Black "Gogia, Armaan"]
[Result "0-1"]
[WhiteElo "1954"]
[BlackElo "1990"]
[PlyCount "108"]
[EventDate "2020.06.02"]
[WhiteTeam "Gonzaga C-ing is Believing"]
[BlackTeam "Ashfield Anonymous A"]

1. d4 Nf6 2. Bf4 d5 3. e3 c5 4. c3 Nc6 5. Nd2 Qb6 6. Qb3 c4 7. Qc2 g6 8. f3 Nh5
9. Bg5 h6 10. Bh4 e5 11. g4 Ng7 12. O-O-O g5 13. Bg3 Be6 14. Re1 exd4 15. exd4
O-O-O 16. Bh3 h5 17. gxh5 Rxh5 18. Bxe6+ Nxe6 19. Qf5 Rd7 20. Rxe6 fxe6 21.
Qxf8+ Qd8 22. Qxd8+ Kxd8 23. f4 gxf4 24. Bxf4 Rg7 25. Ngf3 Rg4 26. Be3 Ne7 27.
Rg1 Rxg1+ 28. Bxg1 Ng6 29. Be3 Ke7 30. h4 Kd6 31. Bg5 b5 32. Kd1 a5 33. Ke2 b4
34. Ke3 Rh8 35. Nf1 bxc3 36. bxc3 Kc6 37. Ne5+ Nxe5 38. dxe5 Kb5 39. Ng3 Ka4
40. Be7 Rh7 41. Bd8 Ka3 42. Bxa5 Rxh4 43. Bd8 Rh3 44. Bg5 Rxg3+ 45. Kf4 Rd3 46.
Be7+ Kxa2 47. Bb4 Kb3 48. Kg5 d4 49. Kf6 dxc3 50. Kxe6 Kxb4 51. Kf7 Re3 52. e6
c2 53. e7 Rxe7+ 54. Kxe7 c1=Q 0-1

[Event "4NCL Online Division 2"]
[Site "online"]
[Date "2020.06.02"]
[Round "9.13"]
[White "Combie, Alex B"]
[Black "Moran, Darragh"]
[Result "0-1"]
[WhiteElo "1990"]
[BlackElo "1868"]
[PlyCount "126"]
[EventDate "2020.06.02"]
[WhiteTeam "Ashfield Anonymous A"]
[BlackTeam "Gonzaga C-ing is Believing"]

1. e4 e6 2. d4 d5 3. Nc3 Nf6 4. e5 Nfd7 5. f4 c5 6. Nf3 Nc6 7. Be3 a6 8. Qd2 b5
9. dxc5 Bxc5 10. Bxc5 Nxc5 11. Qf2 Qb6 12. a3 O-O 13. Nd4 Bb7 14. Nxc6 Bxc6 15.
b4 Nd7 16. Qxb6 Nxb6 17. Bd3 d4 18. Ne4 Bxe4 19. Bxe4 Rac8 20. O-O Rfd8 21.
Rfd1 Nc4 22. Bb7 Rc7 23. Bxa6 Ne3 24. Rd2 Rxc2 25. Rxc2 Nxc2 26. Rd1 Nxa3 27.
Rd3 Nc2 28. Rd2 Nxb4 29. Bxb5 h5 30. Kf2 Kh7 31. Kf3 Kg6 32. Ke4 d3 33. Bxd3
Rxd3 34. Rxd3 Nxd3 35. Kxd3 Kf5 36. Ke3 g5 37. fxg5 Kxg5 38. Ke4 Kg4 39. Ke3
Kf5 40. Kf3 Kxe5 41. Ke3 Kf5 42. Kf3 Kg5 43. Ke4 f6 44. Ke3 f5 45. Kf3 e5 46.
Ke2 Kf4 47. Kf2 Ke4 48. Ke2 f4 49. g3 h4 50. gxh4 Kf5 51. h3 e4 52. Kf2 e3+ 53.
Kf3 Kg6 54. Kxf4 e2 55. Kg4 e1=Q 56. h5+ Kh6 57. h4 Qe5 58. Kh3 Kxh5 59. Kg2
Qe3 60. Kh2 Kxh4 61. Kg2 Qe2+ 62. Kh1 Kg3 63. Kg1 Qd1# 0-1

[Event "4NCL Online Division 2"]
[Site "online"]
[Date "2020.06.02"]
[Round "9.14"]
[White "Cullen, Ben"]
[Black "Garnett, John S"]
[Result "1/2-1/2"]
[WhiteElo "1894"]
[BlackElo "1982"]
[PlyCount "83"]
[EventDate "2020.06.02"]
[WhiteTeam "Gonzaga C-ing is Believing"]
[BlackTeam "Ashfield Anonymous A"]

1. d4 d5 2. c4 c6 3. Nf3 Nf6 4. e3 Bg4 5. Qb3 Qc7 6. Be2 e6 7. Nc3 Be7 8. O-O
O-O 9. Ne5 Bxe2 10. Nxe2 Nbd7 11. Nxd7 Qxd7 12. Ng3 Rfd8 13. Qc2 Rac8 14. c5 b6
15. b4 bxc5 16. bxc5 Rb8 17. Bd2 Rb7 18. Rfb1 Rdb8 19. Rb3 Qc7 20. Rab1 Nd7 21.
Qc3 e5 22. Rxb7 Rxb7 23. Rb3 e4 24. Qb2 Rxb3 25. Qxb3 g6 26. Ne2 Qb8 27. Nc1
Kf8 28. Ba5 Ke8 29. Qxb8+ Nxb8 30. Kf1 Bd8 31. Bxd8 Kxd8 32. Ke2 Kc7 33. Kd2
Nd7 34. Kc3 Kb7 35. Kb4 Nf6 36. h3 Ne8 37. Ne2 Nc7 38. a4 Ne6 39. Ng3 Nc7 40.
Ne2 Ne6 41. Ng3 Nc7 42. Ne2 1/2-1/2

[Event "4NCL Online Division 2"]
[Site "online"]
[Date "2020.06.02"]
[Round "9.21"]
[White "Ther, Mate"]
[Black "Pollock, Richard M"]
[Result "1-0"]
[WhiteElo "2080"]
[BlackElo "2072"]
[PlyCount "53"]
[EventDate "2020.06.02"]
[WhiteTeam "Bradford DCA Knights A"]
[BlackTeam "Plymouth"]

1. e4 g6 2. d4 Bg7 3. Nc3 d6 4. f4 Nf6 5. Nf3 O-O 6. Be2 Na6 7. O-O c5 8. e5
Ng4 9. h3 cxd4 10. Qxd4 Nh6 11. Rd1 Nf5 12. Qf2 Nb4 13. g4 Nh6 14. exd6 Nxc2
15. Rb1 Bxg4 16. hxg4 Nxg4 17. Qc5 exd6 18. Qxd6 Qa5 19. Rd5 Bxc3 20. Rxa5 Bxa5
21. Kg2 Rfe8 22. Ne5 Nce3+ 23. Bxe3 Nxe3+ 24. Kf3 Bb6 25. Qf6 Nf5 26. Qxf7+ Kh8
27. Nxg6+ 1-0

[Event "4NCL Online Division 2"]
[Site "online"]
[Date "2020.06.02"]
[Round "9.22"]
[White "Butland, Nick J"]
[Black "Allis, Richard"]
[Result "0-1"]
[WhiteElo "1922"]
[BlackElo "2052"]
[PlyCount "58"]
[EventDate "2020.06.02"]
[WhiteTeam "Plymouth"]
[BlackTeam "Bradford DCA Knights A"]

1. d4 c5 2. c3 cxd4 3. cxd4 f5 4. Nf3 g6 5. Bf4 Bg7 6. e3 Nf6 7. Be2 d6 8. Qb3
e6 9. Nc3 O-O 10. h3 Nc6 11. Rd1 d5 12. O-O Ne4 13. Nb5 Rf7 14. Nd2 a6 15. Nxe4
fxe4 16. Nd6 Rxf4 17. Nxc8 Nxd4 18. Rxd4 Bxd4 19. Qxb7 Qxc8 20. Qxc8+ Rxc8 21.
exf4 Bxb2 22. Bxa6 Ra8 23. Rb1 Bd4 24. Be2 Rxa2 25. Bg4 Kf7 26. Rb7+ Kf6 27.
Rxh7 Rxf2 28. Kh2 e3 29. Kg3 e2 0-1

[Event "4NCL Online Division 2"]
[Site "online"]
[Date "2020.06.02"]
[Round "9.23"]
[White "Barker, Arron"]
[Black "Brooks, Paul"]
[Result "1/2-1/2"]
[WhiteElo "1847"]
[BlackElo "1907"]
[PlyCount "171"]
[EventDate "2020.06.02"]
[WhiteTeam "Bradford DCA Knights A"]
[BlackTeam "Plymouth"]

1. g4 d6 2. Bg2 Nc6 3. h3 e5 4. c4 h5 5. e3 hxg4 6. hxg4 Rxh1 7. Bxh1 Qh4 8.
Bxc6+ bxc6 9. Qf3 Bd7 10. d4 Qxg4 11. Qxg4 Bxg4 12. dxe5 dxe5 13. Nc3 Nf6 14.
Nge2 Be6 15. b3 Bb4 16. Bd2 Rd8 17. a3 Be7 18. Ng3 Rb8 19. b4 Bxc4 20. Nge4
Nxe4 21. Nxe4 f5 22. Rc1 Bb5 23. Nc5 Kf7 24. Nd7 Rh8 25. Nxe5+ Ke6 26. Bc3 Rh1+
27. Kd2 Rh2 28. Nd3 Bxd3 29. Kxd3 Rxf2 30. Bxg7 Ra2 31. Rxc6+ Kd7 32. Rc3 a6
33. Be5 Bd6 34. Bxd6 Kxd6 35. Kc4 Rh2 36. Rd3+ Kc6 37. a4 Rh4+ 38. Kb3 Re4 39.
Kc3 f4 40. exf4 Rxf4 41. Kb3 Rh4 42. Rg3 Kb6 43. Kc3 Rf4 44. Rg6+ c6 45. Rg3
Rh4 46. Kb3 Rf4 47. a5+ Kb7 48. Rg7+ Kb8 49. Kc3 Rh4 50. Rg8+ Kb7 51. Rg5 Rf4
52. Rg3 Rh4 53. Rd3 Rf4 54. Rd4 Rf1 55. Rd7+ Kb8 56. Rh7 Rf4 57. Rd7 Rh4 58.
Rd4 Rh1 59. Kc4 Rc1+ 60. Kd3 Rh1 61. Ke4 Re1+ 62. Kf5 Kc7 63. Re4 Rf1+ 64. Ke6
Rh1 65. Rf4 Rh6+ 66. Ke5 Rh5+ 67. Kd4 Rb5 68. Kc4 Rh5 69. Rf7+ Kb8 70. Rd7 Rg5
71. Rd6 Kb7 72. Rd4 Rh5 73. Kd3 Rb5 74. Rc4 Rh5 75. Kd4 Rh4+ 76. Kc5 Rh6 77.
Re4 Rh5+ 78. Kd6 Rd5+ 79. Ke7 Rh5 80. Kf6 c5 81. Ke6 cxb4 82. Rxb4+ Ka7 83. Kd6
Rxa5 84. Kc6 Rb5 85. Rxb5 axb5 86. Kxb5 1/2-1/2

[Event "4NCL Online Division 2"]
[Site "online"]
[Date "2020.06.02"]
[Round "9.24"]
[White "Quinn, Martin"]
[Black "Johnson, Paul A"]
[Result "1-0"]
[WhiteElo "1810"]
[BlackElo "1812"]
[PlyCount "103"]
[EventDate "2020.06.02"]
[WhiteTeam "Plymouth"]
[BlackTeam "Bradford DCA Knights A"]

1. e4 e5 2. Nf3 Nc6 3. Bc4 Nf6 4. d3 Bc5 5. Be3 Bb6 6. O-O O-O 7. h3 h6 8. c3
d6 9. b4 Be6 10. Nbd2 Qd7 11. a4 a6 12. a5 Ba7 13. Nh2 Bxc4 14. Nxc4 Bxe3 15.
Nxe3 Ne7 16. f4 exf4 17. Rxf4 Ng6 18. Rf5 Rfe8 19. Nhg4 Nxg4 20. Nxg4 Re6 21.
g3 Rae8 22. Qf3 Ne5 23. Nxe5 Rxe5 24. Rf1 Rxf5 25. Qxf5 Qxf5 26. Rxf5 Re5 27.
Kf2 Kf8 28. Ke3 Ke7 29. h4 Ke6 30. g4 g6 31. Rf4 d5 32. d4 Rxe4+ 33. Rxe4+ dxe4
34. Kxe4 f5+ 35. gxf5+ gxf5+ 36. Kf4 c6 37. c4 Kf6 38. d5 cxd5 39. cxd5 h5 40.
d6 Ke6 41. d7 Kxd7 42. Kxf5 Kd6 43. Kg5 Ke5 44. Kxh5 Kf5 45. Kh6 Kf6 46. h5 Kf7
47. Kg5 Kg7 48. Kf5 Kh6 49. Ke5 Kxh5 50. Kd6 Kg5 51. Kc7 Kf5 52. Kxb7 1-0

[Event "4NCL Online Division 2"]
[Site "online"]
[Date "2020.06.02"]
[Round "9.31"]
[White "Savidge, Daniel"]
[Black "Watson, Jacob"]
[Result "1-0"]
[WhiteElo "2155"]
[BlackElo "2095"]
[PlyCount "49"]
[EventDate "2020.06.02"]
[WhiteTeam "Bristol University A"]
[BlackTeam "Kent KJCA Kestrels B"]

1. b3 e5 2. Bb2 Nc6 3. e3 d5 4. Bb5 Bd6 5. f4 Qe7 6. Nf3 Bg4 7. fxe5 Bxe5 8.
Bxe5 Bxf3 9. Qxf3 Qxe5 10. Nc3 Nf6 11. O-O O-O 12. Bxc6 bxc6 13. Qf4 Qe7 14.
Qa4 c5 15. Rf5 Qe6 16. Raf1 Rfd8 17. Qf4 d4 18. exd4 Rxd4 19. Qg3 Qd6 20. Qf3
Rb8 21. d3 Rh4 22. g3 Ng4 23. Rd5 Qg6 24. gxh4 Ne3+ 25. Rg5 1-0

[Event "4NCL Online Division 2"]
[Site "online"]
[Date "2020.06.02"]
[Round "9.32"]
[White "Ball, Laurence"]
[Black "Gallagher, Ian G"]
[Result "0-1"]
[WhiteElo "2090"]
[BlackElo "2132"]
[PlyCount "106"]
[EventDate "2020.06.02"]
[WhiteTeam "Kent KJCA Kestrels B"]
[BlackTeam "Bristol University A"]

1. e4 d5 2. d4 dxe4 3. Nc3 Nf6 4. f3 Bf5 5. g4 Bg6 6. g5 Nd5 7. Nxe4 e5 8. dxe5
Nc6 9. Bc4 Nb6 10. Qxd8+ Rxd8 11. Bb5 Rd5 12. Bxc6+ bxc6 13. Bf4 Bxe4 14. fxe4
Rd4 15. Ne2 Rxe4 16. Kd2 Nd5 17. Kd3 Rxf4 18. Nxf4 Nxf4+ 19. Ke4 Ne6 20. Rhg1
Be7 21. h4 O-O 22. Rad1 Rb8 23. b3 g6 24. c4 Kf8 25. Kd3 Bc5 26. Rg4 Rd8+ 27.
Kc2 Rxd1 28. Kxd1 Bd4 29. Re4 c5 30. Ke2 Ke7 31. Kf3 Nd8 32. Re2 Nc6 33. e6
fxe6 34. Ke4 Kd6 35. Re1 Ne7 36. Re2 Nf5 37. Rh2 e5 38. Kf3 Ng7 39. Ke4 Ke6 40.
Rh1 Nf5 41. Rh3 Nd6+ 42. Kf3 Kf5 43. Rh1 e4+ 44. Kg3 e3 45. Kf3 Ne4 46. Rh2
Nd2+ 47. Ke2 Kf4 48. h5 Kxg5 49. hxg6 hxg6 50. Rh7 Ne4 51. Rxc7 Nc3+ 52. Kd3 e2
53. Kd2 Bf2 0-1

[Event "4NCL Online Division 2"]
[Site "online"]
[Date "2020.06.02"]
[Round "9.33"]
[White "Lampard, Alice"]
[Black "Merriman, James"]
[Result "0-1"]
[WhiteElo "2005"]
[BlackElo "1997"]
[PlyCount "142"]
[EventDate "2020.06.02"]
[WhiteTeam "Bristol University A"]
[BlackTeam "Kent KJCA Kestrels B"]

1. d4 Nf6 2. c4 e6 3. Nc3 Bb4 4. Qc2 d5 5. cxd5 exd5 6. Bg5 h6 7. Bh4 c5 8.
dxc5 g5 9. Bg3 Ne4 10. O-O-O Nxc3 11. bxc3 Bxc5 12. e4 Ba3+ 13. Kb1 Qb6+ 14.
Ka1 O-O 15. exd5 Nd7 16. Bd3 Nc5 17. Bh7+ Kh8 18. Be5+ f6 19. Bd4 Bd7 20. Rb1
Qd6 21. c4 Ba4 22. Qg6 Qf4 23. Ne2 Qc7 24. Bxf6+ Rxf6 25. Qxf6+ Kxh7 26. Qc3
Qg7 27. Qxg7+ Kxg7 28. Nc3 Bc2 29. Rbe1 Nd3 30. Rb1 Bxb1 31. Rxb1 b6 32. Nb5
Bc5 33. a4 Nxf2 34. Nc7 Rc8 35. Ne6+ Kg6 36. Rf1 Ng4 37. h3 Ne3 38. Rc1 Nxg2
39. a5 Nf4 40. Nxc5 bxc5 41. Re1 Kf6 42. Re3 Rb8 43. Re4 Nxh3 44. Re6+ Kg7 45.
Re7+ Kg6 46. Rxa7 g4 47. a6 g3 48. Rb7 Ra8 49. Rb3 Rxa6+ 50. Kb2 Ng5 51. Rxg3
h5 52. Rd3 Rd6 53. Re3 h4 54. Re8 h3 55. Rg8+ Kh5 56. Rf8 h2 57. Rf1 Kg4 58.
Kc2 Kg3 59. Kd3 Kg2 60. Rf5 h1=Q 61. Rxg5+ Kf3 62. Rf5+ Kg4 63. Rf2 Qh3+ 64.
Kd2 Qa3 65. Rg2+ Kh3 66. Rg8 Qb2+ 67. Ke3 Qd4+ 68. Kf3 Rf6+ 69. Ke2 Rf2+ 70.
Ke1 Qe3+ 71. Kd1 Qd2# 0-1

[Event "4NCL Online Division 2"]
[Site "online"]
[Date "2020.06.02"]
[Round "9.34"]
[White "Soyel, Hamit"]
[Black "Prasse, Philipp"]
[Result "1-0"]
[WhiteElo "1892"]
[BlackElo "2005"]
[PlyCount "77"]
[EventDate "2020.06.02"]
[WhiteTeam "Kent KJCA Kestrels B"]
[BlackTeam "Bristol University A"]

1. e4 c6 2. d4 d5 3. Nd2 dxe4 4. Nxe4 Bf5 5. Ng3 Bg6 6. N1e2 Nf6 7. Nf4 e5 8.
dxe5 Qa5+ 9. Bd2 Qxe5+ 10. Be2 Nbd7 11. O-O O-O-O 12. Qc1 Bc5 13. b4 Bb6 14. a4
Nd5 15. Nxd5 Qxd5 16. c4 Qe5 17. c5 Bc7 18. a5 h5 19. a6 h4 20. axb7+ Kxb7 21.
Bc3 Qf4 22. Rxa7+ Kxa7 23. Qa3+ Kb8 24. Ra1 Nb6 25. Qa7+ Kc8 26. cxb6 hxg3 27.
hxg3 Qd6 28. bxc7 Qxc7 29. Ba6+ Kd7 30. Rd1+ Ke6 31. Qxc7 Rxd1+ 32. Bf1 Bd3 33.
Qxc6+ Ke7 34. Qc5+ Ke6 35. Qe3+ Kd7 36. Qxd3+ Rxd3 37. Bxd3 f6 38. b5 Kd6 39.
b6 1-0

[Event "4NCL Online Division 2"]
[Site "online"]
[Date "2020.06.02"]
[Round "9.41"]
[White "Keetman, Maaike"]
[Black "Talsma, Paul"]
[Result "0-1"]
[WhiteElo "2169"]
[BlackElo "2177"]
[PlyCount "152"]
[EventDate "2020.06.02"]
[WhiteTeam "Chessable White Rose 2"]
[BlackTeam "Anglian Avengers 2"]

1. e4 e5 2. Nf3 Nc6 3. Bb5 a6 4. Ba4 Nf6 5. d3 d6 6. c3 g6 7. O-O Bg7 8. h3 O-O
9. Be3 h6 10. Nbd2 Re8 11. Re1 Bd7 12. b4 b5 13. Bb3 a5 14. a3 Qc8 15. Qc2 Qb7
16. Reb1 a4 17. Ba2 Nd8 18. c4 Ne6 19. cxb5 Bxb5 20. Nc4 Qa6 21. Rd1 Nh5 22.
Rac1 Nd4 23. Nxd4 exd4 24. Bd2 Rac8 25. Nb2 c6 26. g4 Nf6 27. Bf4 d5 28. f3 c5
29. bxc5 Bf8 30. Qf2 Bxc5 31. Bxh6 Bxa3 32. Rxc8 Rxc8 33. exd5 Bd6 34. Bg5 Nh7
35. Bc1 a3 36. Nc4 Nf6 37. Bg5 Nxd5 38. Nxd6 Qxd6 39. Bxd5 Qxd5 40. Bf6 g5 41.
Bxd4 Rd8 42. Bf6 Rd6 43. Bc3 Ra6 44. Qd4 Qxd4+ 45. Bxd4 a2 46. Kf2 Kh7 47. Ba1
Kg6 48. Rd2 f5 49. Ke3 f4+ 50. Kd4 Bc6 51. Rf2 Ra5 52. Kc4 Bd5+ 53. Kd4 Kf6 54.
Rf1 Rb5 55. Re1 Bf7 56. Kc3 Rb3+ 57. Kc2+ Kg6 58. Bb2 Rb6 59. Ba1 Bd5 60. Rf1
Re6 61. Kd2 Re3 62. Bd4 Rxf3 63. Rxf3 Bxf3 64. Ke1 Bg2 65. Kf2 Bxh3 66. Kf3 Kf7
67. Ba1 Ke6 68. Bb2 Kd5 69. Ba1 Bf1 70. d4 Bb5 71. Kf2 Kc4 72. Kf3 Bc6+ 73. Ke2
Kb3 74. Kd3 Bd5 75. Kd2 f3 76. Ke3 Kc2 0-1

[Event "4NCL Online Division 2"]
[Site "online"]
[Date "2020.06.02"]
[Round "9.42"]
[White "White, Russell P"]
[Black "Gayson, Peter M"]
[Result "0-1"]
[WhiteElo "2117"]
[BlackElo "2150"]
[PlyCount "108"]
[EventDate "2020.06.02"]
[WhiteTeam "Anglian Avengers 2"]
[BlackTeam "Chessable White Rose 2"]

1. e4 c5 2. d4 cxd4 3. c3 dxc3 4. Nxc3 e6 5. Nf3 d6 6. Bc4 Nc6 7. O-O Nf6 8.
Qe2 Be7 9. Rd1 e5 10. h3 O-O 11. Bg5 Be6 12. Bb5 h6 13. Bh4 Qb6 14. Bxf6 Bxf6
15. Rxd6 Nd4 16. Nxd4 Qxd6 17. Nxe6 Qxe6 18. Nd5 Rac8 19. Bc4 Qc6 20. Bb3 Rfd8
21. Qh5 Rd7 22. Rd1 Rcd8 23. Re1 Kh7 24. Qf5+ Kh8 25. Re3 Qc1+ 26. Kh2 Rd6 27.
Qh5 Bg5 28. Rc3 Qxb2 29. Qxf7 Bf4+ 30. Nxf4 Qxc3 31. Nh5 R6d7 32. Qf5 Qc7 33.
f4 Re7 34. Nf6 gxf6 35. Qxf6+ Kh7 36. Qf5+ Kg7 37. Qg4+ Kh8 38. f5 Qd6 39. Qh4
Rf8 40. Bd5 Qf6 41. Qf2 b6 42. h4 Rd8 43. Bb3 Rd4 44. Qe1 a5 45. g3 a4 46. Bc2
Rc7 47. Bb1 b5 48. Kh3 Rcd7 49. Qa5 Rd1 50. Qxb5 Qd6 51. Bc2 Rc1 52. Bxa4 Rg7
53. Bb3 Qd2 54. Qe8+ Kh7 0-1

[Event "4NCL Online Division 2"]
[Site "online"]
[Date "2020.06.02"]
[Round "9.43"]
[White "Wills, Tom"]
[Black "Bui, Kyan"]
[Result "1/2-1/2"]
[WhiteElo "1967"]
[BlackElo "2057"]
[PlyCount "52"]
[EventDate "2020.06.02"]
[WhiteTeam "Chessable White Rose 2"]
[BlackTeam "Anglian Avengers 2"]

1. e4 e5 2. Nf3 Nf6 3. Nc3 Nc6 4. Bc4 Nxe4 5. Bxf7+ Kxf7 6. Nxe4 Be7 7. d4 d5
8. Neg5+ Kg8 9. dxe5 h6 10. Nh3 g5 11. Nd4 Nxe5 12. f4 Nc6 13. Nxc6 bxc6 14.
Qd3 Qd6 15. Bd2 g4 16. Nf2 Qe6+ 17. Qe3 Bf6 18. Qxe6+ Bxe6 19. Nd3 Bf5 20. Rb1
Re8+ 21. Kd1 Kf7 22. Ne5+ Bxe5 23. fxe5 Kg6 24. Bf4 Rhf8 25. g3 c5 26. Kd2 a5
1/2-1/2

[Event "4NCL Online Division 2"]
[Site "online"]
[Date "2020.06.02"]
[Round "9.44"]
[White "Kerr, Rowland"]
[Black "Parkhouse, Max"]
[Result "0-1"]
[WhiteElo "1802"]
[BlackElo "1832"]
[PlyCount "48"]
[EventDate "2020.06.02"]
[WhiteTeam "Anglian Avengers 2"]
[BlackTeam "Chessable White Rose 2"]

1. c4 e6 2. Nc3 d5 3. d4 Nf6 4. Bg5 Be7 5. cxd5 exd5 6. e3 O-O 7. Bd3 h6 8. Bh4
c6 9. Nge2 Nbd7 10. Qc2 b6 11. O-O Bb7 12. f3 c5 13. Rae1 Rc8 14. e4 dxe4 15.
fxe4 cxd4 16. Nxd4 Ne5 17. Nf5 Nxd3 18. Nxe7+ Qxe7 19. Qxd3 Rfd8 20. Bxf6 gxf6
21. Qg3+ Kh7 22. e5 Rg8 23. Qd3+ Kh8 24. Nd5 Qc5+ 0-1

[Event "4NCL Online Division 2"]
[Site "online"]
[Date "2020.06.02"]
[Round "9.51"]
[White "Ni, Viktorija"]
[Black "Jarmany, David"]
[Result "0-1"]
[WhiteElo "2215"]
[BlackElo "2267"]
[PlyCount "106"]
[EventDate "2020.06.02"]
[WhiteTeam "ChessPlus Beta"]
[BlackTeam "Maryport Assassins A"]

1. d4 d5 2. g3 e6 3. Bg2 f5 4. Nf3 Nf6 5. O-O Bd6 6. b3 O-O 7. c4 c6 8. a4 Ne4
9. Ba3 a5 10. Qc2 Bxa3 11. Nxa3 Nd7 12. Ne1 Ndf6 13. c5 Qe7 14. f3 Ng5 15. Nd3
Nf7 16. Qc3 Re8 17. f4 Ne4 18. Bxe4 fxe4 19. Ne5 Bd7 20. Nc2 Reb8 21. Ne3 Nxe5
22. fxe5 b6 23. Rf4 bxc5 24. dxc5 Rb7 25. Raf1 h6 26. Ng4 Qg5 27. Qe3 Rab8 28.
h4 Qh5 29. Nf6+ gxf6 30. Rxf6 Be8 31. Qf4 Rf7 32. g4 Rg7 33. g5 hxg5 34. Rf8+
Kh7 35. hxg5 Rxg5+ 36. Kf2 Rf5 37. Rxf5 Qxf5 38. Rh1+ Kg7 39. Rg1+ Bg6 40. Qxf5
exf5 41. Ke3 Rxb3+ 42. Kf4 Rb4 43. e3 Rb2 44. Kg5 Re2 45. e6 Rxe3 46. Kf4 Rf3+
47. Ke5 f4 48. e7 Rg3 49. Rb1 f3 50. Kf4 Rg2 51. Rb7 Be8 52. Rb8 Kf7 53. Ke3
Re2+ 0-1

[Event "4NCL Online Division 2"]
[Site "online"]
[Date "2020.06.02"]
[Round "9.52"]
[White "Jarmany, John"]
[Black "Agafonov, Yuri Dr"]
[Result "0-1"]
[WhiteElo "2207"]
[BlackElo "2106"]
[PlyCount "64"]
[EventDate "2020.06.02"]
[WhiteTeam "Maryport Assassins A"]
[BlackTeam "ChessPlus Beta"]

1. d4 g6 2. c4 Bg7 3. Nc3 d6 4. e4 Nf6 5. Nge2 a6 6. Ng3 c6 7. Be2 h5 8. h4 b5
9. Be3 b4 10. Na4 Ng4 11. Bxg4 Bxg4 12. Qb3 a5 13. c5 O-O 14. f3 Bc8 15. Ne2
dxc5 16. Nxc5 Nd7 17. Nd3 Ba6 18. Nef4 e5 19. dxe5 Nxe5 20. Nxe5 Bxe5 21. Rd1
Qf6 22. g3 a4 23. Qc2 Bxb2 24. Kf2 Bc3 25. Rd7 Bc4 26. Rhd1 b3 27. axb3 axb3
28. Qb1 Ra1 29. e5 Rxb1 30. exf6 Rxd1 31. Rxd1 b2 32. Bc5 Rb8 0-1